000 01301nam a22003737a 4500
001 434
003 FISKH
005 20230421080731.0
008 230421b cb ||||| |||| 00| 0 eng d
020 _a9780545160940
040 _aDLC
_cDLC
_dDLC
_dFISKH
_beng
042 _alcac
_apcc
050 0 0 _aPZ7.M3567585
_bBab 2010
082 0 0 _a813.6
_222
100 1 _aMartin, Ann M.,
_d1955-
245 1 4 _aThe summer before /
_cAnn M. Martin.
250 _a1st ed.
260 _aNew York :
_bScholasic Press,
_c2010.
300 _a215 p. ;
_c20 cm.
490 0 _aThe Baby-sitters Club / Ann M. Martin
500 _aPrequel to: The Babysitters Club series.
505 _aM
520 _aDuring the summer before their seventh-grade year, Kristy, Mary Anne, Claudia, and Stacey tackle difficulties, including family problems, crushes, moving, and making new friends.
521 1 _a780
_bLexile
521 1 _aM
_bRaz-Plus
650 1 _aBest friends
_vFiction.
650 1 _aFriendship
_vFiction.
650 1 _aFamily problems
_vFiction.
650 1 _aDating
_vFiction.
650 1 _aMoving, Household
_vFiction.
906 _a7
_bcbc
_corignew
_d1
_eecip
_f20
_gy-gencatlg
942 _2ddc
_cBK
_n0
999 _c434
_d434